| 000 | 00906nam a22001935i 4500 | ||
|---|---|---|---|
| 001 | 153352 | ||
| 003 | ES-MaACL | ||
| 005 | 20230906205203.0 | ||
| 008 | 041014s1868 cu |||| | spa d | ||
| 040 |
_aCAM _bspa _cCAM |
||
| 110 | 1 |
_aCuba. _bIntendencia General de Real Hacienda. _9134312 |
|
| 245 | 1 | 0 | _aIntendencia General de Real Hacienda de la siempre fiel Isla de Cuba. |
| 260 |
_a[Habana : _bs.n., _cs.a.] ( _fImprenta de Gobierno y Capitania General por S.M.) |
||
| 300 |
_a[4] p. ; _c31 cm. |
||
| 500 | _aOficio que informa de diversas reales órdenes fechadas en Habana en 1868 y firmadas por Manuel de Lara. | ||
| 594 | _aTit. tomado de comienzo de texto. | ||
| 596 | _aPie de imp. tomado de colofón. | ||
| 852 |
_aES-MaACL _jG-4403(2) _z-- Enc. tela _z-- Enc. con "Noticias estadisticas de la Isla de Cuba en 1862 ...", 1864 y [1] h. pleg. de Real Orden del Ministerio de Ultramar de 1867 |
||
| 999 |
_c153352 _d153352 |
||